000
00274nam a22001217a 4500
008
181101b xxu||||| |||| 00| 0 eng d
041
_a
eng
080
_2
3rd
_a
616.8
100
_a
7
101
_a
NEU
245
_a
Brain's Clinical Neurology
_c
Bannister,R
942
_2
udc
_c
BK
999
_c
51506
_d
51506